Anuario educativo mexicano : (Record no. 116032)
[ view plain ]
| 000 -CABECERA | |
|---|---|
| campo de control de longitud fija | 00645nmm a2200181 a 4500 |
| 005 - FECHA Y HORA DE LA ÚLTIMA TRANSACCIÓN | |
| campo de control | 20230518063729.0 |
| 008 - ELEMENTOS DE LONGITUD FIJA--INFORMACIÓN GENERAL | |
| campo de control de longitud fija | 031114s2005 mx b spa d |
| 035 ## - NÚMERO DE CONTROL DEL SISTEMA | |
| Número de control de sistema | UPN01000143885 |
| 049 ## - COLECCIÓN | |
| Colección | CD |
| 050 #4 - SIGNATURA TOPOGRÁFICA DE LA BIBLIOTECA DEL CONGRESO | |
| Número de clasificación | LA421.82 |
| Número de documento/Ítem | A5.8 2003 |
| 245 00 - MENCIÓN DE TÍTULO | |
| Título | Anuario educativo mexicano : |
| Resto del título | visión retrospectiva [2003] / |
| Mención de responsabilidad, etc. | coord. Guadelupe Teresinha Bertussi. |
| 260 ## - PUBLICACIÓN, DISTRIBUCIÓN, ETC. | |
| Lugar de publicación, distribución, etc. | México : |
| Nombre del editor, distribuidor, etc. | UPN : |
| -- | Miguel Angel Porrúa, |
| Fecha de publicación, distribución, etc. | 2005. |
| 300 ## - DESCRIPCIÓN FÍSICA | |
| Extensión | 1 CD-ROM : |
| Otras características físicas | il. col. ; |
| Dimensiones | 4 3/4 plg. |
| 650 #4 - ASIENTO SECUNDARIO DE MATERIA - TERMINO TEMATICO | |
| Término de materia o nombre geográfico como elemento de entrada | Educación |
| Subdivisión geográfica | México |
| Subdivisión general | Historia |
| 9 (RLIN) | 187 |
| 650 #7 - ASIENTO SECUNDARIO DE MATERIA - TERMINO TEMATICO | |
| Término de materia o nombre geográfico como elemento de entrada | Educación |
| Subdivisión geográfica | México |
| Subdivisión de forma | Anuarios |
| Fuente del encabezamiento o término | |
| 9 (RLIN) | 14843 |
| 700 1# - ASIENTO SECUNDARIO--NOMBRE DE PERSONAL | |
| Nombre de persona | Bertussi, Guadelupe Teresinha, |
| Término indicativo de función/relación | coord. |
| 905 ## - TIPO DE MATERIAL | |
| Tipo de material | Electrónico |
| Estado de retiro | Estado de pérdida | Fuente del sistema de clasificación o colocación | Estado dañado | No para préstamo | Código de colección | Localización permanente | Ubicación/localización actual | Ubicación en estantería | Total de préstamos | Clasificación | Código de barras | Fecha visto por última vez | Número de copia | Tipo de ítem Koha |
|---|---|---|---|---|---|---|---|---|---|---|---|---|---|---|
| Library of Congress Classification | Discos compactos | Bib. Gregorio Torres Quintero | Bib. Gregorio Torres Quintero | Disco Compacto | LA421.82 A5.8 2003 | 185330 | 31/12/2020 | 1 | Formato Digital | |||||
| Library of Congress Classification | Discos compactos | Bib. Gregorio Torres Quintero | Bib. Gregorio Torres Quintero | Disco Compacto | LA421.82 A5.8 2003 | 185336 | 31/12/2020 | 1 | Libro | |||||
| Library of Congress Classification | Discos compactos | Bib. Gregorio Torres Quintero | Bib. Gregorio Torres Quintero | Disco Compacto | LA421.82 A5.8 2003 | 185338 | 31/12/2020 | 1 | Libro | |||||
| Library of Congress Classification | Discos compactos | Bib. Gregorio Torres Quintero | Bib. Gregorio Torres Quintero | Disco Compacto | LA421.82 A5.8 2003 | 185329 | 31/12/2020 | 1 | Libro | |||||
| Library of Congress Classification | Discos compactos | Bib. Gregorio Torres Quintero | Bib. Gregorio Torres Quintero | Disco Compacto | LA421.82 A5.8 2003 | 185334 | 31/12/2020 | 1 | Libro |
